Nuevo ven 1: (Record no. 2106)
[ view plain ]
| 000 -LEADER | |
|---|---|
| fixed length control field | 00666nam a22002417a 4500 |
| 003 - CONTROL NUMBER IDENTIFIER | |
| control field | OSt |
| 005 - DATE AND TIME OF LATEST TRANSACTION | |
| control field | 20140310181724.0 |
| 008 - FIXED-LENGTH DATA ELEMENTS--GENERAL INFORMATION | |
| fixed length control field | 130307t xxu||||| |||| 00| 0 eng d |
| 020 ## - INTERNATIONAL STANDARD BOOK NUMBER | |
| International Standard Book Number | 9789788477110 |
| 050 ## - LIBRARY OF CONGRESS CALL NUMBER | |
| Classification number | G 11 |
| Item number | .C355 2003 |
| 082 ## - DEWEY DECIMAL CLASSIFICATION NUMBER | |
| Classification number | IB 460 |
| Item number | Es6 2003 |
| 100 ## - MAIN ENTRY--PERSONAL NAME | |
| Personal name | Castro, Francisca Castro |
| 245 ## - TITLE STATEMENT | |
| Title | Nuevo ven 1: |
| Remainder of title | Libro del alumno |
| Statement of responsibility, etc | Castro, Francisca Castro |
| 260 ## - PUBLICATION, DISTRIBUTION, ETC. (IMPRINT) | |
| Place of publication, distribution, etc | (S.A., Madrid) |
| Name of publisher, distributor, etc | Edelsa Grupo Didascalia |
| Date of publication, distribution, etc | 2003 |
| 300 ## - PHYSICAL DESCRIPTION | |
| Extent | 192 p. : |
| Other physical details | ill. col. pic |
| Dimensions | 28 cm. |
| 562 ## - COPY AND VERSION IDENTIFICATION NOTE | |
| Number of copies | 3 |
| 650 ## - SUBJECT ADDED ENTRY--TOPICAL TERM | |
| Topical term or geographic name as entry element | study and teaching (Secondary). |
| 650 ## - SUBJECT ADDED ENTRY--TOPICAL TERM | |
| Topical term or geographic name as entry element | Spanish language |
| 942 ## - ADDED ENTRY ELEMENTS (KOHA) | |
| Source of classification or shelving scheme | Library of Congress Classification |
| Koha item type | Books |
| Withdrawn status | Lost status | Source of classification or shelving scheme | Damaged status | Home library | Current library | Shelving location | Date acquired | Total Checkouts | Total Renewals | Full call number | Barcode | Date last seen | Date checked out | Copy number | Price effective from | Koha item type | Source of acquisition |
|---|---|---|---|---|---|---|---|---|---|---|---|---|---|---|---|---|---|
| Library of Congress Classification | Luxembourg Library | Luxembourg Library | International Baccalaureate Section | 03/07/2013 | 4 | 3 | G 11 .C355 2003 | 14477 | 02/28/2025 | 02/21/2025 | 1 | 10/03/2013 | Books | ||||
| Library of Congress Classification | Luxembourg Library | Luxembourg Library | International Baccalaureate Section | 06/21/2013 | G 11 .C355 2003 | 14478 | 08/13/2013 | 2 | 06/21/2013 | Books | |||||||
| Library of Congress Classification | Luxembourg Library | Luxembourg Library | Teachers Reference Section | 06/21/2013 | G 11 .C355 2003 | 14479 | 08/13/2013 | 3 | 06/21/2013 | Books | Donation | ||||||
| Library of Congress Classification | Luxembourg Library | Luxembourg Library | International Baccalaureate Section | 06/22/2013 | 6 | 8 | G 11 .C355 2003 | 18702 | 06/11/2025 | 02/13/2025 | 4 | 10/03/2013 | Books |